| 000 | 00872nam a22002417a 4500 | ||
|---|---|---|---|
| 001 | 3645 | ||
| 003 | FISKH | ||
| 005 | 20240402113949.0 | ||
| 008 | 240402b cb ||||| |||| 00| 0 eng d | ||
| 040 |
_aFISK _beng _cFISK _dFISK |
||
| 050 | _aPZ7.S6984 | ||
| 082 | _a305 | ||
| 100 |
_aSonnenblick Jordan _d1969- |
||
| 245 |
_aAfter ever after / _cJordan Sonnenblick |
||
| 260 |
_aNew York : _bScholastic, _c2010 |
||
| 300 |
_a260 pages : _c19 cm |
||
| 505 | _aO | ||
| 520 | _aAlthough Jeff and Tad, encouraged by a new friend, Lindsey, make a deal to help one another overcome aftereffects of their cancer treatments in preparation for eighth-grade graduation, Jeff still craves advice from his older brother Stephen, who is studying drums in Africa. | ||
| 521 | 8 |
_a820 _bLexile |
|
| 700 | _aJordan Sonnenblick | ||
| 942 |
_2ddc _cBK _n0 |
||
| 999 |
_c3645 _d3645 |
||